| 000 | 00594nam a2200205Ia 4500 | ||
|---|---|---|---|
| 003 | GCL | ||
| 008 | 140319s9999 xx 000 0 eng d | ||
| 040 |
_aGCL / _cGCL |
||
| 082 | 0 | 4 |
_a749.2 _bC V |
| 100 | 1 | _aCOOPER, JEREMY | |
| 245 | 1 | 0 |
_aVCTORIAN AND EDWARDIAN FURNITURE AND INTERIORS: FROM THE GOTHIC REVIVAL TO ART NOUVEAU / _cCOOPER, JEREMY |
| 260 |
_a[S.N] : _bTHAMES AND HUDSON ، _c1987 |
||
| 300 | _a236 | ||
| 650 | 0 | 4 | _aVICTORIAN AGE |
| 650 | 0 | 4 | _aINTERIOR DECORATION |
| 650 | 0 | 4 | _aFURNITURE DESIGN - HISTORY |
| 650 | 0 | 4 | _aFURNITURE |
| 650 | 0 | 4 | _aART NOUVEAU |
| 942 |
_2ddc _cBK |
||
| 999 |
_c24156 _d24156 |
||